Advance engineering mathematics (Record no. 5287)

MARC details
000 -LEADER
fixed length control field 00532nam a2200169Ia 4500
003 - CONTROL NUMBER IDENTIFIER
control field SGT
020 ## - INTERNATIONAL STANDARD BOOK NUMBER
International Standard Book Number 9789380026855
082 ## - DEWEY DECIMAL CLASSIFICATION NUMBER
Classification number 510
Item number TAN
100 ## - MAIN ENTRY--PERSONAL NAME
Personal name Taneja,H.C
245 ## - TITLE STATEMENT
Title Advance engineering mathematics
250 ## - EDITION STATEMENT
Edition statement 2nd Ed.
260 ## - PUBLICATION, DISTRIBUTION, ETC. (IMPRINT)
Name of publisher, distributor, etc I.K. International Publishing House Pvt. Ltd.
Place of publication, distribution, etc New Delhi
Year of Publication 2010
300 ## - PAGE DESCRIPTION
No. of Pages 896p.
650 ## - SUBJECT ADDED ENTRY--TOPICAL TERM
Topical term or geographic name as entry element ENGINEERING MATHEMATICS
653 ## - KEYWORDS--INDEX TERM
Keyword term PRELIMINARIES,INFINITE SERIES,VECTOR DIFFERENTIAL CALCULUS,FIRST ORDER ORDINARY DIFFERENTIAL EQUATIONS,LAPLACE TRANSFORMS,
942 ## - ADDED ENTRY ELEMENTS (KOHA)
Source of classification or shelving scheme Dewey Decimal Classification
Koha item type Books
942 ## - ADDED ENTRY ELEMENTS (KOHA)
-- 10
Holdings
Withdrawn status Lost status Source of classification or shelving scheme Damaged status Not for loan Home library Current library Date acquired Volume Information (Serial or Books or Non-Book Material) SGTU Total Checkouts Full call number Accession No. (Barcode) Date last seen Date last borrowed Bill Date Koha item type Total Renewals
    Dewey Decimal Classification     SGT Engineering Library SGT Engineering Library 02/07/2011 1 SGTU 4 510 TAN FE3773 15/10/2024 15/10/2024 09/02/2015 Books  
    Dewey Decimal Classification     SGT Engineering Library SGT Engineering Library 02/07/2011 1 SGTU 4 510 TAN FE3774 07/05/2025 23/04/2025 09/02/2015 Books 2
    Dewey Decimal Classification     SGT Engineering Library SGT Engineering Library 02/07/2011 1 SGTU 4 510 TAN FE3775 13/01/2025 30/12/2024 09/02/2015 Books  
    Dewey Decimal Classification     SGT Engineering Library SGT Engineering Library 02/07/2011 1 SGTU 9 510 TAN FE3776 08/11/2024 24/10/2024 09/02/2015 Books 1
    Dewey Decimal Classification     SGT Engineering Library SGT Engineering Library 02/07/2011 2 SGTU 4 510 TAN FE3777 17/01/2025 11/10/2024 09/02/2015 Books  
    Dewey Decimal Classification     SGT Engineering Library SGT Engineering Library 02/07/2011 2 SGTU 1 510 TAN FE3778 14/06/2025 05/06/2025 09/02/2015 Books  
    Dewey Decimal Classification     SGT Engineering Library SGT Engineering Library 02/07/2011 2 SGTU   510 TAN FE3779 09/02/2015   09/02/2015 Books  
    Dewey Decimal Classification     SGT Engineering Library SGT Engineering Library 02/07/2011 2 SGTU   510 TAN FE3780 09/02/2015   09/02/2015 Books